COMO ANALIZAN LAS ENTIDADES FINANCIERAS A SUS CLIENTES (Registro nro. 48216)
[ vista simple ]
| 000 -LEADER | |
|---|---|
| fixed length control field | 01007nam a2200193 a 4500 |
| 001 - CONTROL NUMBER | |
| control field | 48216 |
| 005 - DATE AND TIME OF LATEST TRANSACTION | |
| control field | 20180714032438.0 |
| 008 - FIXED-LENGTH DATA ELEMENTS--GENERAL INFORMATION | |
| fixed length control field | 140415s2000 sp 000 0 spa d |
| 020 ## - INTERNATIONAL STANDARD BOOK NUMBER | |
| International Standard Book Number | 8480883537 |
| 041 ## - LANGUAGE CODE | |
| Language code of text/sound track or separate title | spa |
| 082 ## - DEWEY DECIMAL CLASSIFICATION NUMBER | |
| Classification number | 338.5 |
| Item number | TOM |
| 100 1# - MAIN ENTRY--PERSONAL NAME | |
| Personal name | TOMAS, JAUME |
| 245 10 - TITLE STATEMENT | |
| Title | COMO ANALIZAN LAS ENTIDADES FINANCIERAS A SUS CLIENTES |
| 250 ## - EDITION STATEMENT | |
| Edition statement | 1a ed. |
| 260 ## - PUBLICATION, DISTRIBUTION, ETC. | |
| Place of publication, distribution, etc. | ESPAÑA : |
| Name of publisher, distributor, etc. | EDICIONES GESTION 2000, |
| Date of publication, distribution, etc. | 2000 |
| 300 ## - PHYSICAL DESCRIPTION | |
| Extent | 416 |
| Dimensions | 23 x 16.5 x 1.2 |
| 520 ## - SUMMARY, ETC. | |
| Summary, etc. | LA GESTION DE LOS RIESGOS ES UNO DE LOS FACTORES CLAVE DEL EXITO O FRACASO DE LAS ENTIDADES FINANCIERAS. ESTE LIBRO SE CENTRA EN EL RIESGO DE CREDITO Y PRETENDE APORTAR ELEMENTOS QUE AYUDAN A MEJORAR EL ANALISIS Y SEGUIMIENTO DE LOS CLIENTES. A LO LARGO DE LA OBRA SE ANALIZAN DE FORMA PRACTICA LOS ASPECTOS CUALITATIVOS Y CUANTITATIVOS QUE SIRVEN PARA ANALIZAR A TODO TIPO DE CLIENTES (PARTICULARES, COMERCIOS, PORFESIONALES, EMPRESAS Y ENTIDADES PUBLICAS). DE ESTA FORMA, SE PUEDEN REDUCI |
| 650 14 - SUBJECT ADDED ENTRY--TOPICAL TERM | |
| Topical term or geographic name entry element | RIESGO ECONOMICO |
| Withdrawn status | Lost status | Source of classification or shelving scheme | Damaged status | Not for loan | Collection code | Home library | Current library | Shelving location | Date acquired | Source of acquisition | Inventory number | Total Checkouts | Full call number | Barcode | Date last seen | Price effective from | Koha item type |
|---|---|---|---|---|---|---|---|---|---|---|---|---|---|---|---|---|---|
| Dewey Decimal Classification | General | Biblioteca Karol Wojtyla | Biblioteca Karol Wojtyla | Sala general | 03/12/2013 | Compra | 151000000000000000051822 | 338.5 TOM | 72152 | 05/01/2026 | 03/12/2013 | Libro |